Statistics for Australian States in 15 Seconds

Click here to take the quiz!

General Stats

  • This quiz has been taken 8 times
  • The average score is 6 of 8

Answer Stats

Answer% Correct
New South Wales
100%
Victoria
100%
Northern Territory
75%
Queensland
75%
South Australia
75%
Tasmania
75%
Western Australia
75%
Australian Capital Territory
50%

Score Distribution

Percentile by Number Answered

Percent of People with Each Score

Your Score History

You have not taken this quiz